El Paleolític : eines, jaciments i formes de vida / Assumpta Aragall, Andreu Clapés, Esteve Verdaguer eines, jaciments i formes de vida / Assumpta Aragall, Andreu Clapés, Esteve Verdaguer
ISBN:
84-85729-42-0
Publicado:
Barcelona :
Editorial Graó, de Serveis Pedagògics : Servei d'Ensenyament i Investigació de la Diputació de Barcelona ,
1987
Descripción Física:
61 p. : il. ; 20 x 21 cm
Colección:
Biblioteca de la classe ; 20
Materias:
Paleolític -- Ensenyament
MARC
| LEADER | 00000nam a2200000Ia 4500 | ||
|---|---|---|---|
| 001 | 4951 | ||
| 008 | 160829s1987 xx 000 0 cat d | ||
| 020 | |a 84-85729-42-0 | ||
| 080 | |a H-1-195 | ||
| 100 | |a Aragall, Assumpta |9 23674 | ||
| 245 | |a El Paleolític : |b eines, jaciments i formes de vida / Assumpta Aragall, Andreu Clapés, Esteve Verdaguer | ||
| 260 | |a Barcelona : |b Editorial Graó, de Serveis Pedagògics : |b Servei d'Ensenyament i Investigació de la Diputació de Barcelona, |c 1987 | ||
| 300 | |a 61 p. : |b il. ; |c 20 x 21 cm | ||
| 490 | |a Biblioteca de la classe ; 20 | ||
| 650 | |a Paleolític |x Ensenyament |9 23675 | ||
| 700 | |a Clapés, Andreu |9 23676 | ||
| 700 | |a Verdaguer, Esteve |9 25595 | ||
| 710 | 1 | |a Barcelona (Catalunya : Província). |b Servei d'Ensenyament i Investigació |9 54366 | |
| 901 | |a Arxiu | ||
| 942 | |n 1 | ||
| 952 | |0 0 |1 0 |4 0 |6 H1195 |7 1 |9 42805 |a Arxiu |b Arxiu |d 2016-12-01 |l 0 |o H-1-195 |p 4951 |r 2016-12-01 00:00:00 |w 2016-12-01 |y ARXIU | ||
| 999 | |c 45311 |d 45311 | ||